[Event "DVM U14 2018"]
[Site "Magdeburg GER"]
[Date "2018.12.30"]
[Round "7"]
[White "Schubert, Nikita"]
[Black "Kluge, Malte"]
[Result "1/2-1/2"]
[Termination "normal"]
[Board "3.3"]
[WhiteElo "1969"]
[BlackElo "1584"]
[WhiteClock "00:01:25"]
[BlackClock "00:22:33"]
[WhiteTeam "ESV Gera"]
[BlackTeam "SF 59 Kornwestheim"]
[PlyCount "62"]
[WhiteFideId "16212339"]
[BlackFideId "16243838"]
[EventCountry "GER"]
[EventRounds "7"]
[EventType "team-swiss"]
[EventDate "2018.12.26"]

1. d4 Nf6 2. c4 g6 3. g3 Bg7 4. Bg2 d5 5. Nf3 dxc4 6. O-O O-O 7. Ne5 c6 8. Na3
Be6 9. Naxc4 Nbd7 10. e4 Nxe5 11. Nxe5 Nd7 12. Nf3 Nb6 13. Be3 Nc4 14. Qc1 Nxe3
15. Qxe3 Qb6 16. b3 Rfd8 17. Rad1 Bg4 18. e5 Be6 19. Rd3 Bd5 20. Nd2 e6 21. Ne4
Bxe4 22. Bxe4 Rd7 23. Rfd1 Rad8 24. Kg2 Qa5 25. Qd2 Qb6 26. Qe3 Qa5 27. R1d2
Bf8 28. Qe2 Bb4 29. Rd1 Qa6 30. Qc2 Qb6 31. Qb2 Qa6 1/2-1/2

[Event "DVM U14 2018"]
[Site "Magdeburg GER"]
[Date "2018.12.30"]
[Round "7"]
[White "Afonso, Phil"]
[Black "Helmsdorf, Marius"]
[Result "1/2-1/2"]
[Termination "normal"]
[Board "3.4"]
[WhiteElo "1595"]
[BlackElo "1533"]
[WhiteClock "00:22:11"]
[BlackClock "00:25:20"]
[WhiteTeam "SF 59 Kornwestheim"]
[BlackTeam "ESV Gera"]
[PlyCount "96"]
[WhiteFideId "16207475"]
[BlackFideId "16274873"]
[EventCountry "GER"]
[EventRounds "7"]
[EventType "team-swiss"]
[EventDate "2018.12.26"]

1. e4 c5 2. Nf3 Nc6 3. d4 cxd4 4. Nxd4 Nf6 5. Nc3 d6 6. Be3 a6 7. Be2 Bd7 8.
O-O b5 9. a3 Nxd4 10. Qxd4 e5 11. Qb6 Qxb6 12. Bxb6 Be7 13. Rfd1 O-O 14. Rd2
Bc6 15. f3 Rac8 16. Rad1 Nd7 17. Bf2 Rfd8 18. h3 Bb7 19. Kf1 Rc7 20. Bg3 f6 21.
Bf2 Rdc8 22. Rc1 Nc5 23. Kg1 f5 24. Rb1 fxe4 25. Bxc5 Rxc5 26. fxe4 h6 27. Bg4
Rxc3 28. bxc3 Rxc3 29. Rb3 Rxb3 30. cxb3 Bxe4 31. Bf3 d5 32. b4 Bg5 33. Re2 Bc1
34. Bxe4 dxe4 35. Rxe4 Bxa3 36. Kf2 Kf7 37. Ke3 Ke6 38. Kd3 Bb2 39. Rg4 g5 40.
Ke3 Bd4+ 41. Kd3 Kf5 42. Re4 h5 43. g4+ Kg6 44. Rxd4 exd4 45. Kxd4 Kf6 46. gxh5
Kg7 47. Kc5 Kh6 48. Kb6 Kxh5 1/2-1/2

[Event "DVM U14 2018"]
[Site "Magdeburg GER"]
[Date "2018.12.30"]
[Round "7"]
[White "Zeuner, Ole"]
[Black "Kosev, Momchil"]
[Result "1-0"]
[Termination "normal"]
[Board "4.1"]
[WhiteElo "1848"]
[BlackElo "1825"]
[WhiteClock "00:37:07"]
[BlackClock "00:26:14"]
[WhiteTeam "Schachzwerge Magdeburg"]
[BlackTeam "Erfurter SK"]
[PlyCount "75"]
[WhiteFideId "12943576"]
[BlackFideId "12975982"]
[EventCountry "GER"]
[EventRounds "7"]
[EventType "team-swiss"]
[EventDate "2018.12.26"]

1. e4 c5 2. Nf3 d6 3. d4 cxd4 4. Nxd4 Nf6 5. Nc3 a6 6. Be3 e5 7. Nb3 Be6 8. f4
Qc7 9. f5 Bc4 10. g4 Bxf1 11. Rxf1 b5 12. g5 b4 13. Nd5 Nxd5 14. Qxd5 Qc6 15.
O-O-O Qxd5 16. Rxd5 Nc6 17. Bb6 h6 18. g6 Be7 19. Na5 Na7 20. Nc4 Nb5 21. Ba5
Rc8 22. b3 Nc3 23. Nxd6+ Bxd6 24. Rxd6 Nxa2+ 25. Kb2 Nc3 26. Rxa6 Nxe4 27. Re1
Nc5 28. Rxe5+ Kd7 29. Rd5+ Ke8 30. gxf7+ Kxf7 31. Ra7+ Kf6 32. Bxb4 Ne4 33.
Be7+ Kf7 34. Bh4+ Kg8 35. Rdd7 Rh7 36. f6 Nc5 37. Re7 h5 38. Bf2 1-0

[Event "DVM U14 2018"]
[Site "Magdeburg GER"]
[Date "2018.12.30"]
[Round "7"]
[White "Wagner, Victoria"]
[Black "Stockmann, Till"]
[Result "1-0"]
[Termination "normal"]
[Board "4.2"]
[WhiteElo "1777"]
[BlackElo "1856"]
[WhiteClock "00:31:38"]
[BlackClock "00:56:12"]
[WhiteTeam "Erfurter SK"]
[BlackTeam "Schachzwerge Magdeburg"]
[PlyCount "49"]
[WhiteFideId "16232348"]
[BlackFideId "12979341"]
[EventCountry "GER"]
[EventRounds "7"]
[EventType "team-swiss"]
[EventDate "2018.12.26"]

1. e4 c5 2. Nf3 a6 3. d4 cxd4 4. Nxd4 Nf6 5. Nc3 e5 6. Nb3 Bb4 7. Bd3 Bxc3+ 8.
bxc3 d6 9. O-O Qc7 10. Bd2 O-O 11. Nc1 Nbd7 12. Ne2 Nc5 13. Ng3 Na4 14. Qe1 Be6
15. f4 Rac8 16. fxe5 dxe5 17. Rxf6 gxf6 18. Nh5 Kh8 19. Nxf6 Rg8 20. Qh4 Rg7
21. Bh6 Qb6+ 22. Kh1 Qb2 23. Rf1 Rxc3 24. Bxg7+ Kxg7 25. Nh5+ 1-0

[Event "DVM U14 2018"]
[Site "Magdeburg GER"]
[Date "2018.12.30"]
[Round "7"]
[White "Joppich, Til"]
[Black "Wagner, Margarethe"]
[Result "1/2-1/2"]
[Termination "normal"]
[Board "4.3"]
[WhiteElo "1889"]
[BlackElo "1693"]
[WhiteClock "00:18:54"]
[BlackClock "00:16:28"]
[WhiteTeam "Schachzwerge Magdeburg"]
[BlackTeam "Erfurter SK"]
[PlyCount "108"]
[WhiteFideId "16232917"]
[BlackFideId "16236947"]
[EventCountry "GER"]
[EventRounds "7"]
[EventType "team-swiss"]
[EventDate "2018.12.26"]

1. e4 c5 2. Nf3 d6 3. d4 cxd4 4. Nxd4 Nf6 5. Nc3 a6 6. Be3 e5 7. Nb3 Be6 8. f4
Qc7 9. f5 Bc4 10. Qf3 b5 11. O-O-O Nbd7 12. g4 b4 13. Nd5 Nxd5 14. exd5 Rc8 15.
Qg2 Nf6 16. Bxc4 Qxc4 17. h3 Be7 18. Kb1 Bd8 19. Rhe1 a5 20. Qe2 Qxe2 21. Rxe2
a4 22. Nc1 O-O 23. Bg5 Nd7 24. Bxd8 Rfxd8 25. Re4 Rb8 26. Nd3 Nf6 27. Rxb4 Nxd5
28. Rxb8 Rxb8 29. Kc1 Nf6 30. c3 Kf8 31. Nb4 Rb6 32. Kc2 h6 33. b3 axb3+ 34.
Kxb3 Ne4 35. a4 Rb8 36. Kc4 Rc8+ 37. Kb3 Rxc3+ 38. Kb2 Rxh3 39. Nd5 Nc5 40. Nc3
Rh2+ 41. Ka3 Rh3 42. Kb4 Nd3+ 43. Kb3 d5 44. Kc2 Nb4+ 45. Kb3 d4 46. Kxb4 Rxc3
47. a5 Rc2 48. a6 Ra2 49. Kb5 Ra3 50. Kb6 d3 51. a7 e4 52. Kb7 Rb3+ 53. Kc7 Ra3
54. Kb7 Rb3+ 1/2-1/2

[Event "DVM U14 2018"]
[Site "Magdeburg GER"]
[Date "2018.12.30"]
[Round "7"]
[White "Seinsoth, Paul"]
[Black "Heutling, Elina"]
[Result "1-0"]
[Termination "normal"]
[Board "4.4"]
[WhiteElo "1536"]
[BlackElo "1742"]
[WhiteClock "00:22:54"]
[BlackClock "00:07:26"]
[WhiteTeam "Erfurter SK"]
[BlackTeam "Schachzwerge Magdeburg"]
[PlyCount "113"]
[WhiteFideId "12994634"]
[BlackFideId "16244729"]
[EventCountry "GER"]
[EventRounds "7"]
[EventType "team-swiss"]
[EventDate "2018.12.26"]

1. e4 c5 2. Nf3 Nc6 3. d4 cxd4 4. Nxd4 Qb6 5. Nb3 Nf6 6. Nc3 e6 7. Be3 Qc7 8.
a3 Be7 9. Be2 a6 10. O-O O-O 11. f3 b5 12. Rc1 Rd8 13. Qe1 b4 14. axb4 Nxb4 15.
Na4 Rb8 16. Nc3 Nxc2 17. Rxc2 Rxb3 18. Qf2 Qb7 19. Ra1 a5 20. Bf1 d5 21. Rxa5
Bd7 22. exd5 exd5 23. Bc5 Bxc5 24. Rxc5 Be6 25. Rd2 Nd7 26. Ra5 Nb6 27. Bd3 Rb8
28. Ra2 Bd7 29. Qh4 h6 30. Bc2 Nc4 31. Bxb3 Nxd2 32. Bxd5 Qc7 33. Qd4 Nb3 34.
Bxb3 Rxb3 35. Ra7 Rb7 36. Rxb7 Qxb7 37. Nd5 Be6 38. Nf4 Bb3 39. Nh5 f6 40. Nf4
Kf7 41. Nd3 Qe7 42. Kf2 Qc7 43. Nc5 Be6 44. h3 Qa5 45. Nxe6 Kxe6 46. b4 Qb5 47.
Ke3 Qg5+ 48. Kf2 Qb5 49. Qe4+ Kd6 50. Ke3 Qg5+ 51. Qf4+ Kc6 52. Qxg5 hxg5 53.
Ke4 g6 54. g4 Kb5 55. Kd5 Kxb4 56. Ke6 Kc4 57. Kxf6 1-0

[Event "DVM U14 2018"]
[Site "Magdeburg GER"]
[Date "2018.12.30"]
[Round "7"]
[White "Bui, Bao Anh Le"]
[Black "Meier, Silas"]
[Result "1/2-1/2"]
[Termination "normal"]
[Board "5.1"]
[WhiteElo "2071"]
[BlackElo "1758"]
[WhiteClock "00:05:39"]
[BlackClock "00:18:23"]
[WhiteTeam "SV Mattnetz Berlin"]
[BlackTeam "Schachakademie Paderborn"]
[PlyCount "60"]
[WhiteFideId "12970719"]
[BlackFideId "16210662"]
[EventCountry "GER"]
[EventRounds "7"]
[EventType "team-swiss"]
[EventDate "2018.12.26"]

1. e4 Nf6 2. e5 Nd5 3. Nc3 e6 4. Nxd5 exd5 5. Qf3 c6 6. d4 d6 7. exd6 Bxd6 8.
Bf4 Qe7+ 9. Ne2 Nd7 10. O-O-O Bxf4+ 11. Qxf4 Nf6 12. Ng3 O-O 13. Bd3 Re8 14. h4
Be6 15. h5 h6 16. Bf5 Bxf5 17. Nxf5 Qe6 18. f3 Nh7 19. Rh3 Kh8 20. Rg3 Ng5 21.
Rxg5 hxg5 22. Qxg5 Qf6 23. Qxf6 gxf6 24. g4 Re6 25. h6 Kh7 26. b3 Re2 27. Rh1
Rae8 28. Nd6 R8e7 29. Nf5 R7e6 30. Ng7 R6e3 1/2-1/2

[Event "DVM U14 2018"]
[Site "Magdeburg GER"]
[Date "2018.12.30"]
[Round "7"]
[White "Yin, Haode"]
[Black "Schauties, Nico Antonio"]
[Result "1-0"]
[Termination "normal"]
[Board "5.2"]
[WhiteElo "1696"]
[BlackElo "1916"]
[WhiteClock "00:20:25"]
[BlackClock "00:20:58"]
[WhiteTeam "Schachakademie Paderborn"]
[BlackTeam "SV Mattnetz Berlin"]
[PlyCount "79"]
[WhiteFideId "16261348"]
[BlackFideId "16206371"]
[EventCountry "GER"]
[EventRounds "7"]
[EventType "team-swiss"]
[EventDate "2018.12.26"]

1. d4 d5 2. c4 e6 3. Nc3 c6 4. cxd5 exd5 5. Qc2 Nf6 6. Bg5 Be7 7. e3 Nbd7 8.
Bd3 O-O 9. Nge2 Re8 10. O-O Nf8 11. Rae1 Ne4 12. Bxe7 Qxe7 13. f3 Nxc3 14. Nxc3
Qf6 15. Qf2 Ng6 16. e4 Nf4 17. Qe3 Qg5 18. g3 Nh3+ 19. Kh1 Qxe3 20. Rxe3 f5 21.
e5 f4 22. Ree1 Be6 23. Ne2 Rf8 24. Kg2 Ng5 25. Nxf4 Rxf4 26. gxf4 Bh3+ 27. Kf2
Bxf1 28. Rxf1 Ne6 29. Ke3 c5 30. dxc5 Nxc5 31. Rc1 b6 32. b4 Ne6 33. Bf5 Kf7
34. Rc6 Re8 35. Bxe6+ Rxe6 36. Rxe6 Kxe6 37. Kd4 g6 38. b5 h6 39. h3 h5 40. h4
1-0

[Event "DVM U14 2018"]
[Site "Magdeburg GER"]
[Date "2018.12.30"]
[Round "7"]
[White "Schnabel, Luise"]
[Black "Nourzad, Shayan"]
[Result "1/2-1/2"]
[Termination "normal"]
[Board "5.3"]
[WhiteElo "1837"]
[BlackElo "1628"]
[WhiteClock "00:02:49"]
[BlackClock "00:02:21"]
[WhiteTeam "SV Mattnetz Berlin"]
[BlackTeam "Schachakademie Paderborn"]
[PlyCount "63"]
[WhiteFideId "12943347"]
[BlackFideId "16274890"]
[EventCountry "GER"]
[EventRounds "7"]
[EventType "team-swiss"]
[EventDate "2018.12.26"]

1. e4 e6 2. b3 d5 3. Bb2 dxe4 4. Qe2 Nf6 5. Nc3 Be7 6. O-O-O O-O 7. Nxe4 Nbd7
8. g4 a5 9. a4 b5 10. Bg2 Rb8 11. axb5 Nb6 12. Nc3 Kh8 13. Nf3 Bb7 14. Rhg1
Nfd5 15. Nxd5 Bxd5 16. Ne5 a4 17. Bxd5 Qxd5 18. Nc6 axb3 19. Qe5 Qxe5 20. Bxe5
Ba3+ 21. Bb2 Bxb2+ 22. Kxb2 bxc2 23. Kxc2 Ra8 24. Ra1 g6 25. Kb3 Kg7 26. Kb4 h6
27. Kc5 Kf6 28. Ra6 Nd7+ 29. Kb4 Nb8 30. Nxb8 Rfxb8 31. Rga1 Rxa6 32. Rxa6
1/2-1/2

[Event "DVM U14 2018"]
[Site "Magdeburg GER"]
[Date "2018.12.30"]
[Round "7"]
[White "Hencke, Lenny"]
[Black "Franz, Franz Theodor"]
[Result "1-0"]
[Termination "normal"]
[Board "5.4"]
[WhiteElo "1193"]
[BlackElo "1451"]
[WhiteClock "00:10:28"]
[BlackClock "00:11:47"]
[WhiteTeam "Schachakademie Paderborn"]
[BlackTeam "SV Mattnetz Berlin"]
[PlyCount "89"]
[WhiteFideId "16274911"]
[BlackFideId "12992674"]
[EventCountry "GER"]
[EventRounds "7"]
[EventType "team-swiss"]
[EventDate "2018.12.26"]

1. e4 e5 2. Nf3 Nc6 3. Bc4 Nf6 4. Ng5 d5 5. exd5 Na5 6. Bb5+ c6 7. dxc6 bxc6 8.
Bd3 Be7 9. O-O O-O 10. Nc3 h6 11. Nge4 Nd5 12. b3 Nf4 13. Be2 Nxe2+ 14. Qxe2
Re8 15. d3 Qc7 16. Qh5 Qd7 17. Qxe5 Nb7 18. Bb2 Kf8 19. Qg3 Qg4 20. Ne2 Nc5 21.
Qxg4 Bxg4 22. f3 Bf5 23. Rfe1 Nxe4 24. fxe4 Bg6 25. Ng3 Kg8 26. Re2 Rad8 27.
Rd1 Rd7 28. Kf1 Bd8 29. Nf5 f6 30. g4 Bc7 31. Kg2 Rb8 32. h3 Ba5 33. Rf1 Bb6
34. e5 Re8 35. Kf3 Rd5 36. exf6 Rxe2 37. Kxe2 Bxf5 38. Rxf5 Rxf5 39. gxf5 gxf6
40. Bxf6 Kf7 41. Be5 Ba5 42. c4 Bb4 43. Ke3 Be1 44. Ke4 Bf2 45. b4 1-0

[Event "DVM U14 2018"]
[Site "Magdeburg GER"]
[Date "2018.12.30"]
[Round "7"]
[White "Lutz, Ruben"]
[Black "Kamp, Adrian"]
[Result "1/2-1/2"]
[Termination "normal"]
[Board "6.1"]
[WhiteElo "2037"]
[BlackElo "1895"]
[WhiteTeam "USV TU Dresden"]
[BlackTeam "SK Münster"]
[PlyCount "118"]
[WhiteFideId "12975974"]
[BlackFideId "16222466"]
[EventCountry "GER"]
[EventRounds "7"]
[EventType "team-swiss"]
[EventDate "2018.12.26"]

1. d4 Nf6 2. Nf3 g6 3. Bg5 Ne4 4. Bh4 Bg7 5. Nbd2 d5 6. e3 O-O 7. Nxe4 dxe4 8.
Nd2 c5 9. c3 cxd4 10. cxd4 Bf5 11. Be2 Nc6 12. O-O Nb4 13. a3 Nd5 14. g4 Bd7
15. Nxe4 Bc6 16. Bf3 Qb6 17. Nc3 Nxc3 18. bxc3 e5 19. Rb1 Qc7 20. d5 Bd7 21. d6
Qxc3 22. Rxb7 Bc6 23. Rc7 Bxf3 24. Rxc3 Bxd1 25. Rxd1 f6 26. Rc7 Rfd8 27. Rb1
Rxd6 28. Rbb7 Bf8 29. Rxa7 Rxa7 30. Rxa7 g5 31. Bg3 Rd1+ 32. Kg2 Ra1 33. a4 Bc5
34. Ra8+ Kg7 35. h4 h6 36. h5 Ra3 37. Kf3 Kf7 38. Ke4 Ke6 39. Ra6+ Bd6 40. Ra8
Bc5 41. Kf3 Ra2 42. Rh8 Rxa4 43. Rxh6 Kf7 44. Rh7+ Kg8 45. Rc7 Bb6 46. Rb7 Bc5
47. h6 Rb4 48. h7+ Kh8 49. Rf7 e4+ 50. Ke2 Rb2+ 51. Kd1 Rb6 52. Kc2 Bb4 53. Kb3
Bd6+ 54. Kc4 Bxg3 55. fxg3 Rd6 56. Kc5 Rd3 57. Rxf6 Kxh7 58. Re6 Rxe3 59. Kd4
Rxg3 1/2-1/2

[Event "DVM U14 2018"]
[Site "Magdeburg GER"]
[Date "2018.12.30"]
[Round "7"]
[White "Toval, David"]
[Black "Lutz, Adam"]
[Result "1-0"]
[Termination "normal"]
[Board "6.2"]
[WhiteElo "1866"]
[BlackElo "1782"]
[WhiteTeam "SK Münster"]
[BlackTeam "USV TU Dresden"]
[PlyCount "59"]
[WhiteFideId "12992755"]
[BlackFideId "16226615"]
[EventCountry "GER"]
[EventRounds "7"]
[EventType "team-swiss"]
[EventDate "2018.12.26"]

1. e4 c5 2. Nf3 e6 3. d4 cxd4 4. Nxd4 Nf6 5. Nc3 d6 6. Be3 a6 7. Bc4 b5 8. Bb3
b4 9. Na4 Nxe4 10. Nxe6 Bxe6 11. Bd5 Nxf2 12. Bxf2 Bxd5 13. Qxd5 Nd7 14. O-O
Be7 15. Bc5 O-O 16. Bxb4 Qc7 17. Rxf7 Qa7+ 18. Bc5 Rxf7 19. Bxa7 Rxa7 20. Re1
Nf6 21. Qb3 Rd7 22. Nb6 Rb7 23. Qc4 d5 24. Nxd5 Nxd5 25. Qxd5 Rd7 26. Qa8+ Rd8
27. Qxa6 Bc5+ 28. Kh1 Rdf8 29. Qc4 Kh8 30. Qxc5 1-0

[Event "DVM U14 2018"]
[Site "Magdeburg GER"]
[Date "2018.12.30"]
[Round "7"]
[White "Peukert, Marc"]
[Black "Schröder, Lennart"]
[Result "1/2-1/2"]
[Termination "normal"]
[Board "6.3"]
[WhiteElo "1510"]
[BlackElo "1762"]
[WhiteTeam "USV TU Dresden"]
[BlackTeam "SK Münster"]
[PlyCount "46"]
[WhiteFideId "16259440"]
[BlackFideId "16222490"]
[EventCountry "GER"]
[EventRounds "7"]
[EventType "team-swiss"]
[EventDate "2018.12.26"]

1. Nf3 c5 2. c4 g6 3. e3 Bg7 4. Nc3 Nf6 5. d4 cxd4 6. exd4 d5 7. Be3 O-O 8. Be2
Nc6 9. O-O Bg4 10. b3 e6 11. h3 Bxf3 12. Bxf3 Qd7 13. cxd5 Nxd5 14. Nxd5 exd5
15. Rc1 b6 16. Qd2 Rac8 17. Rfe1 f5 18. g3 Kh8 19. Bg2 Rfe8 20. Kh2 Bf8 21. Qd1
Bg7 22. Qd2 Bf8 23. Qd1 Bg7 1/2-1/2

[Event "DVM U14 2018"]
[Site "Magdeburg GER"]
[Date "2018.12.30"]
[Round "7"]
[White "Weidemann, Jakob"]
[Black "Günther, Fabian"]
[Result "1/2-1/2"]
[Termination "normal"]
[Board "6.4"]
[WhiteElo "1533"]
[BlackElo "1485"]
[WhiteTeam "SK Münster"]
[BlackTeam "USV TU Dresden"]
[PlyCount "86"]
[WhiteFideId "16255470"]
[BlackFideId "16240294"]
[EventCountry "GER"]
[EventRounds "7"]
[EventType "team-swiss"]
[EventDate "2018.12.26"]

1. e4 c5 2. Nf3 Nc6 3. d4 cxd4 4. Nxd4 e5 5. Nb5 d6 6. N1c3 a6 7. Na3 b5 8. Nd5
Nf6 9. Bg5 Be7 10. Bxf6 Bxf6 11. c4 Qa5+ 12. Qd2 Qxd2+ 13. Kxd2 Bg5+ 14. Kc3
b4+ 15. Nxb4 Nxb4 16. Kxb4 Bd2+ 17. Kb3 Be6 18. Nb1 Rb8+ 19. Kc2 Bb4 20. Nc3
Bc5 21. f3 Bd4 22. Rb1 Kd7 23. Nd5 Rhc8 24. Bd3 f5 25. b3 Bxd5 26. exd5 Rf8 27.
Rbf1 a5 28. a4 g6 29. h4 Ke7 30. h5 Kf6 31. g4 f4 32. hxg6 hxg6 33. Rh6 Rg8 34.
Rfh1 Rg7 35. Rh7 Rxh7 36. Rxh7 Rg8 37. Rd7 Bc5 38. Rh7 Bb4 39. Kd1 Kg5 40. Ke2
Bc5 41. Kf1 Bd4 42. Kg2 Bc5 43. Kh3 Bf2 1/2-1/2

[Event "DVM U14 2018"]
[Site "Magdeburg GER"]
[Date "2018.12.30"]
[Round "7"]
[White "Sabirov, Rafael"]
[Black "Eberwein, Leander"]
[Result "1-0"]
[Termination "normal"]
[Board "7.2"]
[WhiteElo "1571"]
[BlackElo "1332"]
[WhiteTeam "SG Porz"]
[BlackTeam "SF Brackel"]
[PlyCount "61"]
[WhiteFideId "16241185"]
[BlackFideId "16274954"]
[EventCountry "GER"]
[EventRounds "7"]
[EventType "team-swiss"]
[EventDate "2018.12.26"]

1. e4 e5 2. Nf3 Nc6 3. Bb5 Nge7 4. c3 g6 5. O-O Bg7 6. d4 O-O 7. Be3 a6 8. Ba4
d6 9. h3 b5 10. Bc2 Bb7 11. Nbd2 Rc8 12. Nb3 Re8 13. Re1 h6 14. Qd2 Kh7 15. Nh2
Qd7 16. Ng4 Ng8 17. Qe2 h5 18. Nh2 Bh6 19. a3 Rcd8 20. Rad1 Bxe3 21. Qxe3 Qe7
22. d5 Nb8 23. Na5 Bc8 24. Qa7 Bd7 25. Qxc7 Rc8 26. Qb6 Nf6 27. Nb7 Rf8 28.
Nxd6 Rcd8 29. Nb7 Rc8 30. Na5 Rc5 31. d6 1-0

[Event "DVM U14 2018"]
[Site "Magdeburg GER"]
[Date "2018.12.30"]
[Round "7"]
[White "Kazimov, Alis"]
[Black "Butusov, Maxim"]
[Result "1-0"]
[Termination "normal"]
[Board "7.4"]
[WhiteElo "1499"]
[BlackElo "957"]
[WhiteTeam "SG Porz"]
[BlackTeam "SF Brackel"]
[PlyCount "119"]
[WhiteFideId "16255348"]
[BlackFideId "16264320"]
[EventCountry "GER"]
[EventRounds "7"]
[EventType "team-swiss"]
[EventDate "2018.12.26"]

1. e4 e5 2. Nf3 Nc6 3. Bc4 Nf6 4. Nc3 Bc5 5. O-O d6 6. h3 Be6 7. Bb3 Nd7 8. d3
h6 9. Be3 g5 10. Nh2 Rg8 11. Ng4 Bxg4 12. Qxg4 Bxe3 13. fxe3 Rg7 14. Qh5 Nf6
15. Qxh6 Rg6 16. Qh8+ Kd7 17. Qxd8+ Rxd8 18. Bxf7 Rh6 19. Nd5 Nxd5 20. exd5 Nb4
21. Be6+ Ke8 22. Rf2 Rh7 23. Raf1 Ke7 24. Rf7+ Rxf7 25. Rxf7+ Ke8 26. Rxc7 Nxa2
27. Rxb7 a6 28. Kf2 a5 29. Ke2 Ra8 30. Kd2 Nb4 31. c3 Na6 32. Rg7 Rd8 33. Rxg5
Ke7 34. Rf5 Rf8 35. Rxf8 Kxf8 36. g4 Nc7 37. g5 Kg7 38. h4 Kg6 39. d4 e4 40.
Ke2 Na8 41. Kf2 Nb6 42. b3 Nc4 43. Bd7 Nd2 44. b4 a4 45. Bxa4 Kf5 46. Bd7+ Kg6
47. b5 Nc4 48. Be8+ Kg7 49. h5 Nb6 50. h6+ Kh7 51. Kg3 Nxd5 52. Kh4 Nb6 53. Kh5
Nd5 54. Bg6+ Kg8 55. Bxe4 Nb6 56. g6 d5 57. Bf5 Na4 58. h7+ Kh8 59. Kh6 Nb6 60.
g7# 1-0

[Event "DVM U14 2018"]
[Site "Magdeburg GER"]
[Date "2018.12.30"]
[Round "7"]
[White "Hetzner, Hannes"]
[Black "Kirchner, Markus"]
[Result "1-0"]
[Termination "normal"]
[Board "8.1"]
[WhiteElo "1895"]
[BlackElo "1928"]
[WhiteTeam "SC Erlangen"]
[BlackTeam "SF Schöneck"]
[PlyCount "48"]
[WhiteFideId "16211936"]
[BlackFideId "12979163"]
[EventCountry "GER"]
[EventRounds "7"]
[EventType "team-swiss"]
[EventDate "2018.12.26"]

1. e4 e6 2. d4 d5 3. Nd2 Nf6 4. e5 Nfd7 5. Bd3 c5 6. c3 Nc6 7. Ne2 cxd4 8. cxd4
f6 9. exf6 Nxf6 10. O-O Bd6 11. Nf3 O-O 12. Bf4 Bxf4 13. Nxf4 Ne4 14. Qc1 Ng5
15. Nxg5 Qxg5 16. Bxh7+ Kxh7 17. Nxe6 Qxc1 18. Nxf8+ Kg8 19. Raxc1 Kxf8 20.
Rfe1 Bd7 21. Rc5 Re8 22. Rxe8+ Kxe8 23. Rxd5 Ke7 24. f3 b6 1-0

[Event "DVM U14 2018"]
[Site "Magdeburg GER"]
[Date "2018.12.30"]
[Round "7"]
[White "Pomrehn, Ole Magnus"]
[Black "Zeltner, Richard"]
[Result "1-0"]
[Termination "normal"]
[Board "8.2"]
[WhiteElo "1503"]
[BlackElo "1689"]
[WhiteTeam "SF Schöneck"]
[BlackTeam "SC Erlangen"]
[PlyCount "65"]
[WhiteFideId "16232704"]
[BlackFideId "12972703"]
[EventCountry "GER"]
[EventRounds "7"]
[EventType "team-swiss"]
[EventDate "2018.12.26"]

1. g3 e5 2. Bg2 Nc6 3. c4 f5 4. d3 Bc5 5. a3 a6 6. b4 Ba7 7. Bb2 d6 8. e3 Nf6
9. Qd2 O-O 10. Nc3 Kh8 11. Nge2 Qe8 12. Nd5 Bb6 13. Nxf6 Rxf6 14. d4 Bd7 15. d5
Ne7 16. Qc1 c6 17. Nc3 cxd5 18. Nxd5 Nxd5 19. Bxd5 Bc6 20. Qd2 Rf8 21. Rc1 Rd8
22. Qd3 Qh5 23. Bxc6 bxc6 24. Qd1 Qh6 25. Qe2 f4 26. gxf4 exf4 27. Rg1 Rd7 28.
exf4 Qxf4 29. Kd1 Qxh2 30. Qg4 Rff7 31. Re1 Rd8 32. Rg1 Qh6 33. Rc2 1-0

[Event "DVM U14 2018"]
[Site "Magdeburg GER"]
[Date "2018.12.30"]
[Round "7"]
[White "Wu, Wilfried"]
[Black "Tiggemann, Felix"]
[Result "0-1"]
[Termination "normal"]
[Board "8.3"]
[WhiteElo "1491"]
[BlackElo "1510"]
[WhiteTeam "SC Erlangen"]
[BlackTeam "SF Schöneck"]
[PlyCount "84"]
[WhiteFideId "16260775"]
[BlackFideId "16221966"]
[EventCountry "GER"]
[EventRounds "7"]
[EventType "team-swiss"]
[EventDate "2018.12.26"]

1. e4 e6 2. d4 d5 3. Bd3 c5 4. Ne2 c4 5. Bxc4 dxc4 6. Bf4 Nf6 7. Nd2 Nc6 8. c3
b5 9. Qc2 Bb7 10. O-O Be7 11. a4 a6 12. Rfd1 O-O 13. Nf1 Na5 14. f3 Nb3 15. Ra2
Bc6 16. axb5 axb5 17. Rxa8 Qxa8 18. Nd2 Nxd2 19. Qxd2 Qb7 20. Ng3 Ra8 21. e5
Nd5 22. Bg5 Bxg5 23. Qxg5 Qe7 24. Qd2 Nb6 25. f4 Ra2 26. f5 Na4 27. f6 Qf8 28.
Rb1 Kh8 29. Qg5 g6 30. h4 h5 31. Nxh5 gxh5 32. Qxh5+ Kg8 33. Qg5+ Kh7 34. Qh5+
Qh6 35. Qxf7+ Kh8 36. Qxe6 Be4 37. Qe8+ Kh7 38. Qe7+ Kg6 39. Qe8+ Kf5 40. Rf1+
Kg4 41. Qe6+ Kh5 42. g4+ Kxh4 0-1

[Event "DVM U14 2018"]
[Site "Magdeburg GER"]
[Date "2018.12.30"]
[Round "7"]
[White "Albrecht, Samuel"]
[Black "Gilbert, Tim"]
[Result "1-0"]
[Termination "normal"]
[Board "8.4"]
[WhiteElo "1062"]
[BlackElo "1617"]
[WhiteTeam "SF Schöneck"]
[BlackTeam "SC Erlangen"]
[PlyCount "101"]
[WhiteFideId "16274920"]
[BlackFideId "16269527"]
[EventCountry "GER"]
[EventRounds "7"]
[EventType "team-swiss"]
[EventDate "2018.12.26"]

1. e4 e6 2. d4 d5 3. exd5 exd5 4. Nc3 Nc6 5. Bb5 Bb4 6. Nge2 Nge7 7. O-O Bf5 8.
Bg5 f6 9. Bf4 g5 10. Bd2 Qd7 11. Re1 O-O-O 12. a3 Bd6 13. b4 h5 14. Ba4 Qe6 15.
Ng3 Qf7 16. Nxf5 Nxf5 17. Bxc6 bxc6 18. Qe2 g4 19. Qd3 Qg6 20. Ne2 Ne7 21. Qxg6
Nxg6 22. Rac1 Rhe8 23. g3 Re6 24. Kf1 Rh8 25. c4 h4 26. Kg2 f5 27. cxd5 cxd5
28. Nf4 Bxf4 29. Rxe6 Bxd2 30. Rd1 Rh6 31. Rxg6 Rxg6 32. Rxd2 h3+ 33. Kf1 Re6
34. Re2 Kd7 35. Rxe6 Kxe6 36. Ke2 Kf6 37. Ke3 Kg5 38. b5 Kg6 39. Kf4 Kf6 40. a4
Kg6 41. Ke5 Kg5 42. Ke6 f4 43. Ke5 f3 44. a5 Kg6 45. Kf4 Kh5 46. Kf5 Kh6 47.
Kxg4 Kg6 48. Kxf3 Kf5 49. g4+ Kg5 50. Kg3 Kf6 51. Kxh3 1-0